000 00370nam a22001217a 4500
040 _cHS
082 _a658
100 _aសុក គន្ធី
245 _aឯកសារបណ្តុះបណ្តាលស្តីពីការគ្រប់គ្រងគំរោង
260 _aCambodia
_bសុក គន្ធី
_c2010
300 _a105p;
942 _cKB
999 _c9338
_d9338